Juice WRLD Unreleased: Sudden Death - Statistics

General Stats
  • This quiz has been taken 503 times
  • The average score is 4 of 17
Answers on the Grid
Answers color-coded by a green-red scale on the quiz's grid according to % correct below.
Barry Bonds
Purple Moncler
Prescription Love
Velvet Powder Dreams
Neon Pills
Spanglish
20/20 Vision
Oxycodone Lullaby
Cold Summer
Lullabies
Moncler Year
Hide
RUN
Everlasting Love
Moonlight
Let It Spray
Already Dead
Just Another Death
KKK
Fine China
Legends
Gave Her All of Me
Live A Lie
Oxycodone
Can't Die
Watch Me Bleed
Love You Always
Semi Addict
Perc Talk
Omen
 
Answer Stats
Answer % Correct
Purple Moncler
75%
Spanglish
47%
Barry Bonds
41%
Moncler Year
28%
20/20 Vision
25%
RUN
23%
Everlasting Love
21%
KKK
21%
Cold Summer
20%
Lullabies
17%
Omen
15%
Gave Her All of Me
7%
Semi Addict
7%
Love You Always
6%
Live A Lie
5%
Just Another Death
4%
Watch Me Bleed
3%
No matching quizzes found
Score Distribution
Percent of People with Each Score
Percentile by Number Answered
Your Score History
You have not taken this quiz